000 00717nam a2200229Ia 4500
008 131103s9999 xx 000 0 und d
020 _aSBN : 52109504 2
040 _aLoreto College
041 _aEnglish
082 _a822.33(ID)/TWE/QUI/822.33/Q7/SHA
_b LCLIB/16282
100 _aShakespeare,William
245 _aTwelfth night or what you will
_cWilliam Shakespeare
260 _aCambridge
_bCambridge University Press
_c1968
300 _axxviii,193 p.
_c 21 cm.
440 _aThe Works of Shakespeare
504 _aIncludes notes and glossary
650 _aEnglish Drama
651 _aShakespeare,William - Twelfth Night
700 _aQuiller-Couch, Arthur, sr. ed.
850 _aLCLIB
942 _cBK
999 _c4511
_d54990